000
00283nam a22001337a 4500
008
180301b xxu||||| |||| 00| 0 eng d
020
_a
0632003456
041
_a
eng
080
_a
574
100
_a
9
101
_a
MJE
245
_a
Microbial Ecology
_c
Lynch, J.M
942
_2
udc
_c
BK
999
_c
43867
_d
43867